000 00527nam a2200229Ia 4500
003 IT-RoPAU
008 120407s9999 xx 000 0 und d
040 _aIT-RoPAU
040 _cIT-RoPAU
041 _alat
100 _aBenedictus XIV
245 _aDe synodo diocesana
250 _aRomae
260 _aC. Barbiellini
260 _c1767
300 _a688 p.
300 _c24x3 cm
490 _v13
600 _aAccedunt annotationes ex aliis operibus eiusdem Pontif. depromptae
942 _cBK
999 _c36382
_d36382